| 000 | 02788nab a2200301 i 4500 | ||
|---|---|---|---|
| 003 | BR-BrBNA | ||
| 005 | 20241205110413.0 | ||
| 008 | 241205b2011 bl.qr|pooa||| 00| 0 por | | ||
| 040 |
_aBR-BrBNA _bpor |
||
| 072 | _aF70 | ||
| 100 | _aPederneiras, Leandro Cardoso | ||
| 100 | _aCosta, Andrea Ferreira da | ||
| 100 | _aAraujo, Dorothy Sue Dunn de | ||
| 100 | _aCarauta, Jorge Pedro Pereira | ||
| 245 | _aMoraceae das restingas do estado do Rio de Janeiro | ||
| 500 | _aPublicação on-line; 44 ref.; 2 illus.; Summaries (En, Pt) | ||
| 520 | _a Resumo As restingas são planícies arenosas ao longo da costa litorânea que exibem uma rica e peculiar vegetação. As Moraceae nativas do Brasil englobam principalmente plantas lenhosas de porte arbóreo que participam do estágio mais avançado das matas de restinga. Através de bibliografia especializada, consultas a herbários e coletas de campo, objetivou-se elucidar a taxonomia, identificar os habitats preferenciais, atualizar a área de ocorrência e reconhecer o atual estado de conservação das espécies dessa família. Nas restingas fluminenses ocorrem cinco gêneros e 20 espécies de Moraceae. Na Formação de Mata Seca acham-se presentes 16 espécies, na Mata Inundável oito e na Arbustiva Fechada seis. Dessas espécies, 15 encontram-se ameaçadas de extinção, principalmente: Ficus pulchella e Maclura brasiliensis. Palavras -chave: Urticales, taxonomia, Mata Atlântica, conservação | ||
| 520 | _a Abstract Restingas are sandy coastal plains with a rich flora and distinct vegetation types. The native Brazilian Moraceae include primarily tall woody plants growing in the more developed stages of restinga forests, but they also include herbs and shrubs. Specialized bibliography, herbarium material and field collections, were used to elucidate the taxonomy, recognize the preferred habitats, update the area of occurrence and to recognize the current conservation status of its species. There are five genera and 20 species in Moraceae. In the Dry Forest formation occur 16 species, eight in Swamp Forest and six in Closed Shrub. These species, 15 are threatened of the extinction, mainly: Ficus pulchella and Maclura brasiliensis. Keywords: Urticales, taxonomy, Atlantic Forest, conservation. | ||
| 650 | _aTAXONOMIA | ||
| 650 | _aMATA ATLÂNTICA | ||
| 650 | _aCONSERVAÇÃO | ||
| 650 | _aMORACEAE | ||
| 650 | _aRESTINGA | ||
| 773 | 0 |
_0709 _9347049 _dRio de Janeiro-RJ Jardim Botanico do Rio de Janeiro 1935 _o2024-7870 _tRodriguésia (Brazil) _x0370-6583; 2175-7860 on-line _gv. 62(1) p. 077-092; (2011) _wBR2024003778 |
|
| 856 | _uhttps://www.scielo.br/j/rod/a/7NfttYW3MRXYXfLczhZCsVf/?format=pdf&lang=pt | ||
| 942 | _cANA | ||
| 999 |
_c329039 _d329039 |
||